[Event "Stari Banovci Vidovdan op"]
[Site "Stari Banovci"]
[Date "2016.06.28"]
[Round "1"]
[White "Todorovic, Goran M"]
[Black "Djuza, Zivko"]
[Result "1-0"]
[WhiteElo "2461"]
[BlackElo "2005"]
[PlyCount "77"]
[EventDate "2016.06.28"]
[EventType "swiss"]
[EventRounds "9"]
[EventCountry "SRB"]
[SourceTitle "CBM 173 Extra"]
[Source "ChessBase"]
[SourceDate "2016.08.29"]
[SourceVersion "1"]
[SourceVersionDate "2016.08.29"]
[SourceQuality "1"]

1. e4 c5 2. Nf3 d6 3. d4 cxd4 4. Nxd4 Nf6 5. Nc3 a6 6. f4 Qc7 7. Bd3 e5 8. Nf3 Be7 9. 0-0 0-0 10. Qe1 Nc6 11. Kh1 exf4 12. Bxf4 Be6 13. Bg5 Ne5 14. Nd4 Rfe8 15. Nf5 Bxf5 16. Rxf5 Ned7 17. Qh4 Nf8 18. Bxf6 Bxf6 19. Rxf6 gxf6 20. Nd5 Ng6 21. Nxf6+ Kg7 22. Nxe8+ Rxe8 23. Qg3 Re5 24. Rf1 b5 25. Qf2 Qe7 26. Qd4 Qc7 27. a4 Qc6 28. a5 Qc5 29. c3 f6 30. g3 Nf8 31. b4 Qc7 32. Rc1 Ne6 33. Qb6 d5 34. exd5 Rxd5 35. Be4 Re5 36. Qxc7+ Nxc7 37. Bb7 Re2 38. c4 bxc4 39. Rxc4 1-0

[Event "Belgrade Jezero op"]
[Site "Belgrade"]
[Date "2015.08.11"]
[Round "4"]
[White "Djuza, Zivko"]
[Black "Svicevic, Rastko"]
[Result "0-1"]
[WhiteElo "2053"]
[BlackElo "2296"]
[PlyCount "100"]
[EventDate "2015.08.08"]
[EventType "swiss"]
[EventRounds "9"]
[EventCountry "SRB"]
[SourceTitle "EXT 2016"]
[Source "ChessBase"]
[SourceDate "2015.10.08"]
[SourceVersion "1"]
[SourceVersionDate "2015.10.08"]
[SourceQuality "1"]

1. e4 c5 2. a3 g6 3. g3 Bg7 4. Bg2 Nc6 5. Ne2 Nf6 6. d3 d5 7. Nd2 0-0 8. 0-0 e5 9. exd5 Nxd5 10. Ne4 Qe7 11. N2c3 Nc7 12. Be3 Nd4 13. Ne2 f5 14. Bg5 Qf7 15. Nxc5 Nxe2+ 16. Qxe2 f4 17. gxf4 exf4 18. Qe7 f3 19. Qxf7+ Rxf7 20. Bh1 Bxb2 21. Rab1 Bxa3 22. Ne4 Ne6 23. Be3 b6 24. Ra1 Bc5 25. Nxc5 bxc5 26. Rfb1 g5 27. h3 h5 28. Ra5 Rf5 29. Kh2 Kf7 30. c3 Kg6 31. d4 g4 32. Kg3 Ng5 33. hxg4 Ne4+ 34. Kh4 hxg4 35. Kxg4 cxd4 36. Rxf5 Bxf5+ 37. Kf4 dxe3 38. Bxf3 Nxc3 39. Rg1+ Kf6 40. Bxa8 Ne2+ 41. Kxe3 Nxg1 42. Kd4 Ne2+ 43. Kc5 Nc3 44. Kb4 Ne2 45. Bb7 Ke5 46. Ka5 Kd6 47. Ka6 Nd4 48. Kxa7 Kc7 49. Bd5 Bc8 50. Bb7 Bxb7 0-1

[Event "Stari Banovci Vidovdan op"]
[Site "Stari Banovci"]
[Date "2015.06.26"]
[Round "9"]
[White "Pucarevic, Milenko"]
[Black "Djuza, Zivko"]
[Result "1-0"]
[WhiteElo "2154"]
[BlackElo "2043"]
[PlyCount "91"]
[EventDate "2015.06.20"]
[EventType "swiss"]
[EventRounds "9"]
[EventCountry "SRB"]
[SourceTitle "EXT 2019"]
[Source "ChessBase"]
[SourceDate "2018.10.10"]
[SourceVersion "1"]
[SourceVersionDate "2018.10.10"]
[SourceQuality "1"]

1. d4 Nf6 2. Nf3 g6 3. Bf4 Bg7 4. e3 d6 5. h3 Nbd7 6. Nbd2 b6 7. a4 a5 8. Be2 Bb7 9. 0-0 0-0 10. c3 Ne4 11. Nxe4 Bxe4 12. Nd2 Bb7 13. Bh2 e5 14. dxe5 dxe5 15. Qc2 Qe7 16. e4 Nf6 17. Rfe1 Rfd8 18. Bf1 Ne8 19. Rad1 Bc6 20. Bg3 Rd7 21. Nc4 Rad8 22. Rxd7 Rxd7 23. b3 Nd6 24. Nb2 Nb7 25. Rd1 Nd6 26. f3 f5 27. Bc4+ Nxc4 28. Rxd7 Bxd7 29. Nxc4 f4 30. Bf2 g5 31. Nd2 Be6 32. c4 c5 33. Nb1 h5 34. Nc3 g4 35. hxg4 hxg4 36. fxg4 Bxg4 37. Qd3 Qf6 38. Nd5 Qe6 39. Nc7 Qg6 40. Qd8+ Bf8 41. Nd5 Qg7 42. Bh4 Bf3 43. Bg5 Bd1 44. Nf6+ Kh8 45. Nh5 Qf7 46. Qxd1 1-0

[Event "Stari Banovci Vidovdan op"]
[Site "Stari Banovci"]
[Date "2015.06.20"]
[Round "2"]
[White "Djuza, Zivko"]
[Black "Stamatovic, Aleksandar"]
[Result "0-1"]
[WhiteElo "2043"]
[BlackElo "2181"]
[PlyCount "93"]
[EventDate "2015.06.20"]
[EventType "swiss"]
[EventRounds "9"]
[EventCountry "SRB"]
[SourceTitle "EXT 2019"]
[Source "ChessBase"]
[SourceDate "2018.10.10"]
[SourceVersion "1"]
[SourceVersionDate "2018.10.10"]
[SourceQuality "1"]

1. e4 d5 2. exd5 Nf6 3. Nf3 Nxd5 4. Be2 g6 5. 0-0 Bg7 6. Nc3 0-0 7. Nxd5 Qxd5 8. d4 Nc6 9. c3 e5 10. dxe5 Qxd1 11. Rxd1 Nxe5 12. Bf4 Nxf3+ 13. Bxf3 c6 14. Be3 Be6 15. Kf1 Rfe8 16. a3 a5 17. Rd2 a4 18. Be2 Bd5 19. g3 h5 20. h4 Be5 21. Bb6 Bg7 22. f4 Bf6 23. Kf2 Re7 24. c4 Rxe2+ 25. Kxe2 Bxc4+ 26. Kf2 Be6 27. Re1 Ra6 28. Bd8 Bg7 29. Bc7 Bf6 30. Re4 c5 31. Be5 Be7 32. Bc3 b5 33. Ke1 Rb6 34. Ba5 Rb8 35. Bc7 Rc8 36. Bd6 Bf6 37. Kd1 Rc6 38. Be5 Be7 39. Bc3 Rc8 40. Ke1 Rb8 41. Be5 Rb6 42. Bc7 Rc6 43. Bd8 Bd6 44. Bf6 Kf8 45. Re3 Be7 46. Be5 b4 47. Ke2 0-1

[Event "Stari Banovci Vidovdan op"]
[Site "Stari Banovci"]
[Date "2014.06.21"]
[Round "1"]
[White "Djuza, Zivko"]
[Black "Savic, Aleksandar"]
[Result "1-0"]
[WhiteElo "2063"]
[BlackElo "1860"]
[PlyCount "51"]
[EventDate "2014.06.21"]
[EventType "swiss"]
[EventRounds "9"]
[EventCountry "SRB"]
[SourceTitle "CBM 161 Extra"]
[Source "ChessBase"]
[SourceDate "2014.08.29"]
[SourceVersion "1"]
[SourceVersionDate "2014.08.29"]
[SourceQuality "1"]

1. e4 e5 2. Nf3 Nc6 3. Be2 Nf6 4. d3 Bc5 5. c3 d6 6. Nbd2 Bg4 7. Qc2 0-0 8. h3 Bh5 9. a4 d5 10. b4 Be7 11. b5 Na5 12. g4 Bg6 13. Nxe5 dxe4 14. dxe4 b6 15. Nxg6 fxg6 16. 0-0 Qd7 17. Nc4 Nxc4 18. Bxc4+ Kh8 19. Be3 c6 20. f4 cxb5 21. axb5 Qc7 22. Bd3 Bc5 23. Bd4 Rfc8 24. Qf2 Bxd4 25. cxd4 Qc3 26. Rfc1 1-0

[Event "Senta op-A 17th"]
[Site "Senta"]
[Date "2013.07.20"]
[Round "9"]
[White "Kokeza, Mirko"]
[Black "Djuza, Zivko"]
[Result "1/2-1/2"]
[WhiteElo "2315"]
[BlackElo "2063"]
[PlyCount "37"]
[EventDate "2013.07.13"]
[EventType "swiss"]
[EventRounds "9"]
[EventCountry "SRB"]
[SourceTitle "EXT 2014"]
[Source "ChessBase"]
[SourceDate "2013.11.20"]
[SourceVersion "1"]
[SourceVersionDate "2013.11.20"]
[SourceQuality "1"]

1. d4 Nf6 2. c4 e6 3. g3 d5 4. Bg2 c5 5. cxd5 exd5 6. Nc3 Nc6 7. Nf3 Be7 8. 0-0 0-0 9. dxc5 Bxc5 10. Na4 Be7 11. Be3 Re8 12. Bd4 Bg4 13. e3 Rc8 14. a3 h6 15. Rc1 b6 16. h3 Be6 17. Nc3 Na5 18. Nd2 Qd7 19. Kh2 1/2-1/2

[Event "Senta op-A 17th"]
[Site "Senta"]
[Date "2013.07.16"]
[Round "5"]
[White "Djuza, Zivko"]
[Black "Tancik, Kristijan"]
[Result "0-1"]
[WhiteElo "2063"]
[BlackElo "2272"]
[PlyCount "90"]
[EventDate "2013.07.13"]
[EventType "swiss"]
[EventRounds "9"]
[EventCountry "SRB"]
[SourceTitle "EXT 2014"]
[Source "ChessBase"]
[SourceDate "2013.11.20"]
[SourceVersion "1"]
[SourceVersionDate "2013.11.20"]
[SourceQuality "1"]

1. d4 Nf6 2. Bg5 Ne4 3. Bf4 e5 4. Bxe5 Nc6 5. Bg3 d5 6. e3 h5 7. f3 Nxg3 8. hxg3 Qg5 9. Kf2 h4 10. gxh4 Rxh4 11. f4 Qh6 12. Rxh4 Qxh4+ 13. g3 Qh2+ 14. Bg2 Bf5 15. c3 0-0-0 16. Nf3 Qh6 17. Nbd2 Qe6 18. Qh1 f6 19. Nh4 Bg4 20. Bf3 g5 21. Bxg4 Qxg4 22. Qf3 Qd7 23. Ng2 gxf4 24. exf4 Kb8 25. Nh4 Qh7 26. Qe2 Bd6 27. Ng2 Rg8 28. Nf1 Ne7 29. Re1 a6 30. a3 Rg7 31. b4 Ka7 32. a4 Ng8 33. Nfe3 c6 34. b5 f5 35. Rb1 Nf6 36. b6+ Ka8 37. Nf1 Ne4+ 38. Kg1 Qh3 39. Qe3 Nxg3 40. Qe8+ Bb8 41. Nxg3 Qxg3 42. Rb2 Qxf4 43. Rf2 Qh2+ 44. Kf1 Qh1+ 45. Ke2 Rxg2 0-1

[Event "Senta op-A 17th"]
[Site "Senta"]
[Date "2013.07.13"]
[Round "1"]
[White "Stanojevic, Branko"]
[Black "Djuza, Zivko"]
[Result "1-0"]
[WhiteElo "2302"]
[BlackElo "2063"]
[PlyCount "59"]
[EventDate "2013.07.13"]
[EventType "swiss"]
[EventRounds "9"]
[EventCountry "SRB"]
[SourceTitle "EXT 2014"]
[Source "ChessBase"]
[SourceDate "2013.11.20"]
[SourceVersion "1"]
[SourceVersionDate "2013.11.20"]
[SourceQuality "1"]

1. d4 Nf6 2. c4 c5 3. dxc5 e6 4. Nc3 Bxc5 5. Nf3 0-0 6. e3 Nc6 7. a3 a5 8. Be2 d5 9. 0-0 Qe7 10. cxd5 exd5 11. Nxd5 Nxd5 12. Qxd5 Be6 13. Qh5 h6 14. Bd2 a4 15. Rac1 Bd6 16. Bc4 Rfe8 17. Rfd1 Red8 18. Bxe6 Qxe6 19. Qb5 Qe7 20. Bc3 Bc7 21. Rxd8+ Nxd8 22. Bb4 Bd6 23. Bxd6 Qxd6 24. Qe8+ Kh7 25. Nd4 g6 26. h4 Kg7 27. h5 Ra5 28. Rc8 Rd5 29. hxg6 fxg6 30. Rxd8 1-0

[Event "Novi Becej op 25th"]
[Site "Novi Becej"]
[Date "2007.06.11"]
[Round "3"]
[White "Djuza, Zivko"]
[Black "Tasovac, Milos"]
[Result "1-0"]
[WhiteElo "2089"]
[BlackElo "2077"]
[PlyCount "75"]
[EventDate "2007.06.09"]
[EventType "swiss"]
[EventRounds "9"]
[EventCountry "YUG"]
[SourceTitle "CBM 118 Extra"]
[Source "ChessBase"]
[SourceDate "2007.07.04"]
[SourceVersion "1"]
[SourceVersionDate "2007.07.04"]
[SourceQuality "1"]

1. e4 d6 2. d4 Nf6 3. Nc3 g6 4. Nf3 Bg7 5. Be2 0-0 6. h3 a6 7. a4 Nc6 8. 0-0 e5 9. dxe5 dxe5 10. Bc4 Qe7 11. Be3 Be6 12. Nd5 Bxd5 13. exd5 Rad8 14. c3 Nb8 15. b4 Ne4 16. Qc2 Nd6 17. Bb3 h6 18. Rad1 Kh7 19. c4 f5 20. c5 Ne4 21. h4 Qf6 22. Rfe1 g5 23. hxg5 hxg5 24. g3 Qg6 25. Kg2 Bf6 26. Bc1 g4 27. Rh1+ Kg8 28. d6+ Rf7 29. Nh4 Bxh4 30. Rxh4 cxd6 31. Bxf7+ Kxf7 32. cxd6 Nc6 33. Rdh1 f4 34. gxf4 Nf6 35. Rh7+ Nxh7 36. Rxh7+ Kf6 37. fxe5+ Nxe5 38. Rh6 1-0

[Event "Novi Becej op 25th"]
[Site "Novi Becej"]
[Date "2007.06.09"]
[Round "1"]
[White "Djuza, Zivko"]
[Black "Marholev, Dimitar"]
[Result "1/2-1/2"]
[WhiteElo "2089"]
[BlackElo "2375"]
[PlyCount "84"]
[EventDate "2007.06.09"]
[EventType "swiss"]
[EventRounds "9"]
[EventCountry "YUG"]
[SourceTitle "CBM 118 Extra"]
[Source "ChessBase"]
[SourceDate "2007.07.04"]
[SourceVersion "1"]
[SourceVersionDate "2007.07.04"]
[SourceQuality "1"]

1. e4 e5 2. Nf3 Nc6 3. Bb5 a6 4. Bxc6 dxc6 5. 0-0 f6 6. d4 exd4 7. Qxd4 Qxd4 8. Nxd4 Bd7 9. Be3 0-0-0 10. c4 c5 11. Nb3 b6 12. Nc3 Bd6 13. Rac1 Ne7 14. Nd2 Rhe8 15. b3 h6 16. Nd5 Nxd5 17. exd5 f5 18. Nf3 g5 19. Rfe1 f4 20. Bd2 Bf5 21. Bc3 Rg8 22. Ne5 Rdf8 23. Nc6 Re8 24. Ne5 h5 25. Nf7 g4 26. Nh6 Rxe1+ 27. Rxe1 Rg5 28. g3 Bd7 29. Nf7 Rf5 30. Nxd6+ cxd6 31. Bd2 f3 32. Bf4 Rf6 33. a3 Bf5 34. Re3 Kd7 35. Kf1 b5 36. Ke1 Rg6 37. Kd2 Rg8 38. Kc3 bxc4 39. Kxc4 a5 40. Kc3 Rg7 41. Kc4 Kc7 42. Bh6 Rg8 1/2-1/2

[Event "Banja Luka op"]
[Site "Banja Luka"]
[Date "2004.12.05"]
[Round "2"]
[White "Djuza, Zivko"]
[Black "Lekic, Dusan"]
[Result "0-1"]
[WhiteElo "2148"]
[BlackElo "2378"]
[PlyCount "104"]
[EventDate "2004.12.04"]
[EventType "swiss"]
[EventRounds "9"]
[EventCountry "BIH"]
[SourceTitle "CBM 103 Extra"]
[Source "ChessBase"]
[SourceDate "2005.01.01"]
[SourceVersion "1"]
[SourceVersionDate "2005.01.01"]
[SourceQuality "1"]

1. e4 e5 2. Nf3 Nc6 3. Bb5 a6 4. Ba4 Nf6 5. 0-0 Be7 6. Re1 b5 7. Bb3 d6 8. c3 0-0 9. h3 Na5 10. Bc2 c5 11. d4 Qc7 12. a4 Bd7 13. d5 Rfb8 14. axb5 axb5 15. Nbd2 c4 16. Nf1 Nb7 17. Be3 Nc5 18. Bxc5 Qxc5 19. Qe2 Nh5 20. Qe3 Qc8 21. Reb1 Bd8 22. N3d2 Nf4 23. Qf3 Rxa1 24. Rxa1 Ra8 25. Rxa8 Qxa8 26. Qd1 Bb6 27. Ne3 g6 28. Ndf1 Bc5 29. Ng4 Qd8 30. Nge3 h5 31. Qf3 Qa5 32. Qd1 Qa2 33. Qb1 Qa7 34. Qd1 Qc7 35. Kh2 Bc8 36. Qf3 Qd8 37. Kh1 Kg7 38. Ng3 Qh4 39. Ngf1 Kh6 40. Qg3 Qe7 41. Qf3 Kg7 42. Kh2 Qa7 43. Qd1 Bb6 44. Kh1 Kf8 45. Kg1 Qe7 46. Qf3 Qf6 47. Kh2 Ke7 48. Nd2 Bd7 49. Nexc4 bxc4 50. Nxc4 Ba7 51. Nd2 Qh4 52. Kg1 Bg4 0-1